| 000 | 01167nam a22003497a 4500 | ||
|---|---|---|---|
| 001 | BR2011002390 | ||
| 003 | BR-BrBNA | ||
| 005 | 20230928103632.0 | ||
| 007 | ta | ||
| 008 | 230509b bl.||||| |||| 00| 0 por d | ||
| 040 |
_aBR-BrBNA _bpor _cBiblioteca Nacional de Agricultura |
||
| 041 | _a(Por) | ||
| 072 |
_aF01; F08; H20 _b1116 _b3307 _b0329 _b4100 |
||
| 090 | _ 1116 BR2011002390 | ||
| 100 | 1 | _aTomita, C.K. | |
| 110 | 1 |
_aUniversidade de Brasília, DF (Brasil). Instituto de Ciências Biológicas _0Tese (Doutor em Fitopatologia) _910490 |
|
| 245 | 1 | _aManejo em sistemas orgânico e convencional: epidemiologia e controle de dpenças em culturas de goiaba, gipsofila e pupunha | |
| 260 | 3 |
_aBrasília, DF (Brasil): _c2009. |
|
| 300 | _a152 p. | ||
| 500 | _aSummaries (Eng, Por); Several bibliography; 29 tables; 13 illus. | ||
| 650 | _aGOIABA | ||
| 650 | _aMOSQUITINHO | ||
| 650 | _aPLANTA ORNAMENTAL | ||
| 650 | _aPUPUNHA | ||
| 650 | _aDOENÇA DE PLANTA | ||
| 650 | _aEPIDEMIOLOGIA | ||
| 650 | _aCONTROLE QUÍMICO | ||
| 650 | _aCONTROLE BIOLÓGICO | ||
| 650 | _aVARIEDADE RESISTENTE | ||
| 909 |
_a202309 _bLucia _c55 _dLucia Elande |
||
| 942 | _cBK | ||
| 999 |
_c75909 _d75909 |
||